Oeuvres complètes de Claudien : tome premier /

Guardat en:
Dades bibliogràfiques
Autor principal: Claudiano, Claudio (autor)
Format: Llibre
Idioma:francès
Col·lecció:(Bibliothèque Latine-Française. Claudien ; 1)
(Bibliothèque Latine-Française, Collection des Classiques Latins)
Matèries:
Etiquetes: Afegir etiqueta
Sense etiquetes, Sigues el primer a etiquetar aquest registre!

MARC

LEADER 00000nam^a2200000^a^4500
001 000380531
005 20250526000000.0
009 20260310120609.77
037 |a Acervo Xavier Clavigero 
041 |a FRA 
082 |a 878.  |b BIB CLA V. 1 
100 |a Claudiano, Claudio  |e (autor) 
240 1 1 |a [Oeuvres complètes de Claudien] 
240 1 1 |a [Sur la guerre contre Gildon] 
245 1 0 |a Oeuvres complètes de Claudien :  |b tome premier /  |c C. Claudiano ; estudio y tr. por Charles Héguin de Guerle ; tr. por Alphonse Trognon. 
264 |a París, Francia :  |b C.L.F. Panckoucke,  |c 1830 
300 |a XXXII, 393 p. ;  |c 21.5 cm. 
336 |a texto  |b txt  |2 rdacontenido 
337 |a sin mediación  |b n  |2 rdamedio 
338 |a volumen  |b nc  |2 rdasoporte 
440 1 |a (Bibliothèque Latine-Française.  |p Claudien ;  |v 1) 
440 1 |a (Bibliothèque Latine-Française, Collection des Classiques Latins) 
501 |a Encuadernación particular 
546 |a Edición bilingüe francés-latín 
561 |a Ex libris de Dr. Ponciano Herrera 
562 |a Falta cubierta 
649 |a XX 
650 |a Emperadores Romanos 
650 |a Discursos Latinos (Oratoria) 
650 |a Oratoria Clásica 
650 |a Poesía Clásica 
650 |a Poesía Latina 
650 |a Literatura Clásica -  |y Siglo IV 
650 |a Literatura Latina -  |y Siglo IV 
650 |a Política -  |z Roma -  |x Historia -  |y Bajo Imperio, 284-476 
650 |a Roma -  |x Historia -  |y Bajo Imperio, 284-476 
650 |a Honorio,  |c Emperador de Roma 
740 0 |a Panégyrique sur le consulat de Probinus et de son frère Olybrius =  |b Panegyris in consulatum Probini et Olybrii fratrum /  |c C. Claudiano ; estudio y tr. por Charles Héguin de Guerle ; tr. por Alphonse Trognon. 
740 0 |a Invectives contre Rufin =  |b In Rufinum /  |c C. Claudiano ; estudio y tr. por Charles Héguin de Guerle ; tr. por Alphonse Trognon. 
740 0 |a Panégyrique sur le troisième consulat d'Honorius =  |b De tertio consulatu Honorii Augusti panegyris /  |c C. Claudiano ; estudio y tr. por Charles Héguin de Guerle ; tr. por Alphonse Trognon. 
740 0 |a Panégyrique sur le quatrième consulat d'Honorius =  |b De quarto consulatu Honorii Augusti panegyris /  |c C. Claudiano ; estudio y tr. por Charles Héguin de Guerle ; tr. por Alphonse Trognon. 
740 4 |a Les noces d'Honorius et de Marie =  |b In nuptias Honorii et Mariae /  |c C. Claudiano ; estudio y tr. por Charles Héguin de Guerle ; tr. por Alphonse Trognon. 
740 0 |a Vers fescennis sur les noces d'Honorius et de Marie =  |b In nuptias Honorii Augusti et Mariae fescennina alcaicum /  |c C. Claudiano ; estudio y tr. por Charles Héguin de Guerle ; tr. por Alphonse Trognon. 
740 0 |a Sur la guerre contre Gildon =  |b De bello Gildonico /  |c C. Claudiano ; estudio y tr. por Charles Héguin de Guerle ; tr. por Alphonse Trognon. 
740 0 |a Sur le consulat de Mallius Theodorus =  |b In Fl. Mallii Theodori consulatum /  |c C. Claudiano ; estudio y tr. por Charles Héguin de Guerle ; tr. por Alphonse Trognon. 
740 0 |a Invectives contre Eutrope =  |b In Eutropium /  |c C. Claudiano ; estudio y tr. por Charles Héguin de Guerle ; tr. por Alphonse Trognon. 
910 |a Fondo General 
920 |a Impresos - Libros 
930 |a Libros Antiguos y Raros 
940 |a Literatura 
905 |a 108 
901 |a 0500275568  |b IT2  |c LRA  |u 20250526 
902 |a https://opac.biblio.iteso.mx/vufind/Record/000380531